Control technologies for emerging micro and nanoscale systems / (Record no. 33123)

000 -LEADER
fixed length control field 01566cam a22004097a 4500
001 - CONTROL NUMBER
control field 9059941
003 - CONTROL NUMBER IDENTIFIER
control field OSt
005 - DATE AND TIME OF LATEST TRANSACTION
control field 20211118114852.0
006 - FIXED-LENGTH DATA ELEMENTS--ADDITIONAL MATERIAL CHARACTERISTICS
fixed length control field m d
007 - PHYSICAL DESCRIPTION FIXED FIELD--GENERAL INFORMATION
fixed length control field cr n
008 - FIXED-LENGTH DATA ELEMENTS--GENERAL INFORMATION
fixed length control field 110526s2011 gw a s 000 0 eng d
016 7# - NATIONAL BIBLIOGRAPHIC AGENCY CONTROL NUMBER
Record control number 015877277
Source Uk
016 7# - NATIONAL BIBLIOGRAPHIC AGENCY CONTROL NUMBER
Record control number 015885895
Source Uk
020 ## - INTERNATIONAL STANDARD BOOK NUMBER
International Standard Book Number 9783642221729 (alk. paper)
035 ## - SYSTEM CONTROL NUMBER
System control number (WaSeSS)ssj0000506036
038 ## - RECORD CONTENT LICENSOR
Staff Name Khadija
040 ## - CATALOGING SOURCE
Original cataloging agency BTCTA
Language of cataloging eng
Transcribing agency BTCTA
Modifying agency OHX
-- YDXCP
-- UKMGB
-- BWX
-- EYM
-- AAA
-- DLC
-- WaSeSS
042 ## - AUTHENTICATION CODE
Authentication code lccopycat
050 #4 - LIBRARY OF CONGRESS CALL NUMBER
Classification number TJ213
Item number .C57295 2011
082 00 - DEWEY DECIMAL CLASSIFICATION NUMBER
Classification number 629.8
Edition number 23
Author Mark COM
210 10 - ABBREVIATED TITLE
Abbreviated title Control technologies for emerging micro and nanoscale systems
245 00 - TITLE STATEMENT
Title Control technologies for emerging micro and nanoscale systems /
Statement of responsibility, etc. Evangelos Eleftheriou and S.O. Reza Moheimani (eds.).
260 ## - PUBLICATION, DISTRIBUTION, ETC.
Place of publication, distribution, etc. Berlin ;
Name of publisher, distributor, etc. Springer Verlag,
Date of publication, distribution, etc. 2011.
490 1# - SERIES STATEMENT
Series statement Lecture notes in control and information sciences,
International Standard Serial Number 0170-8643 ;
Volume/sequential designation 413
506 ## - RESTRICTIONS ON ACCESS NOTE
Terms governing access License restrictions may limit access.
563 ## - BINDING INFORMATION
Binding note PB
650 #0 - SUBJECT ADDED ENTRY--TOPICAL TERM
Topical term or geographic name entry element Microelectromechanical systems.
9 (RLIN) 84458
650 #0 - SUBJECT ADDED ENTRY--TOPICAL TERM
Topical term or geographic name entry element Automatic control.
9 (RLIN) 84459
650 #0 - SUBJECT ADDED ENTRY--TOPICAL TERM
Topical term or geographic name entry element Microscopy.
9 (RLIN) 84460
700 1# - ADDED ENTRY--PERSONAL NAME
Personal name Eleftheriou, Evangelos
9 (RLIN) 84461
700 1# - ADDED ENTRY--PERSONAL NAME
Personal name Moheimani, S. O. Reza,
Dates associated with a name 1967-
9 (RLIN) 84462
773 #0 - HOST ITEM ENTRY
Title SpringerLink ebooks - Engineering (2011)
830 #0 - SERIES ADDED ENTRY--UNIFORM TITLE
Uniform title Lecture notes in control and information sciences ;
Volume/sequential designation 413
9 (RLIN) 84463
856 40 - ELECTRONIC LOCATION AND ACCESS
Uniform Resource Identifier <a href="http://www.columbia.edu/cgi-bin/cul/resolve?clio9059941">http://www.columbia.edu/cgi-bin/cul/resolve?clio9059941</a>
Public note Full text available from SpringerLink ebooks - Engineering (2011)
910 ## - USER-OPTION DATA (OCLC)
User-option data Library of Congress record
942 ## - ADDED ENTRY ELEMENTS (KOHA)
Source of classification or shelving scheme
Koha item type Book
Holdings
Withdrawn status Lost status Source of classification or shelving scheme Damaged status Not for loan Permanent Location Current Location Shelving location Date acquired Full call number Barcode Date last seen Price effective from Koha item type
          School of Mechanical & Manufacturing Engineering (SMME) School of Mechanical & Manufacturing Engineering (SMME) General Stacks 12/29/2015 629.8 COM SMME-1928 03/29/2018 12/29/2015 Book
© 2023 Central Library, National University of Sciences and Technology. All Rights Reserved.